The effects of exercise duration and residual arousal on a behavioral measure of helping /

Bibliographic Details
Main Author: Julian, John N.
Format: Thesis Microform Book
Language:English
Published: [Place of publication not identified] : [publisher not identified] ; 1986.
Subjects:

MARC

Tag First Indicator Second Indicator Subfields
LEADER 00000cam a2200000 a 4500
001 in00000019927
005 20151007053751.0
007 he bmb|||||||
008 880517r19881986oru bb 00010 eng d
035 |a (OCoLC)17963561 
035 |9 AAB2757AM 
040 |a ORU  |c INT  |d INT  |d HPE  |d TXA  |d UtOrBLW 
049 |a TXAI 
099 |a fiche  |a C  |a 10694 
100 1 |a Julian, John N. 
245 1 4 |a The effects of exercise duration and residual arousal on a behavioral measure of helping /  |c by John N. Julian. 
264 1 |a [Place of publication not identified] :  |b [publisher not identified] ;  |c 1986. 
300 |a viii, 64 leaves. 
336 |a text  |b txt  |2 rdacontent 
337 |a microform  |b h  |2 rdamedia 
338 |a microfiche  |b he  |2 rdacarrier 
502 |b M.S.  |c Pennsylvania State University  |d 1986. 
504 |a Bibliography: leaves [55]-61. 
533 |a Microfiche.  |b Eugene :  |c Microform Publications, College of Human Development and Performance, University of Oregon,  |d 1988.  |e 1 microfiche : negative ; 11 x 15 cm. 
500 |a Microform. 
650 0 |a Exercise for women  |x Psychological aspects. 
650 0 |a Arousal (Physiology) 
650 0 |a Helping behavior. 
999 |a MARS 
999 f f |s 76c5f944-25ba-3a47-a338-4a0c0a218c1f  |i fd0c8b78-f226-3393-bc17-72625ddcbdae  |t 0 
952 f f |p default  |a Texas A&M University  |b College Station  |c Sterling C. Evans Library  |d Evans: Microforms (3rd floor)  |t 0  |e fiche C 10694  |h Other scheme  |i microform -- microfiche 
998 f f |a fiche C 10694  |t 0  |l Evans: Microforms (3rd floor)